LIBRARY & INFORMATION CENTRE, KCAET, TAVANUR

ONLINE PUBLIC ACCESS CATALOGUE (OPAC)

Hand book of human factors and ergonomics / (Record no. 5388)

MARC details
000 -LEADER
fixed length control field 00354cam a2200133ua 4500
020 ## - INTERNATIONAL STANDARD BOOK NUMBER
ISBN 0-471-11690-4
082 ## - DEWEY DECIMAL CLASSIFICATION NUMBER
Classification number 620.82
Item number SAL/HA
100 ## - MAIN ENTRY--AUTHOR NAME
Personal name Salvendr, Gavriel .
245 ## - TITLE STATEMENT
Title Hand book of human factors and ergonomics /
250 ## - EDITION STATEMENT
Edition statement 2 /
260 ## - PUBLICATION, DISTRIBUTION, ETC. (IMPRINT)
Place of publication New York :
Name of publisher Wiley Interscience publications ,
Year of publication 1997.
300 ## - PHYSICAL DESCRIPTION
Number of Pages 2137 ; .
942 ## - ADDED ENTRY ELEMENTS (KOHA)
Koha item type Books
Holdings
Withdrawn status Lost status Damaged status Home library Current library Date acquired Full call number Accession Number Koha item type
      KAUAET KAUAET 07/04/2012 028.7162082 19923 Reference
free website counter